Losowe parki narodowe Polski na mapie - Statystyki

Ogólne statystyki
  • Ten quiz został rozwiązany 255 razy
  • Średni wynik to 10 z 12
Odpowiedzi na mapie
Odpowiedzi zakodowano w zielono-czerwonej skali na mapie do tego quizu, zgodnie z poniższymi procentami.
 
Statystyki odpowiedzi
Park % Poprawnych
Tatrzański PN
90%
Bieszczadzki PN
87%
Białowieski PN
86%
Kampinoski PN
86%
Słowiński PN
86%
Ojcowski PN
84%
Biebrzański PN
83%
Karkonoski PN
83%
Woliński PN
82%
Babiogórski PN
81%
PN "Bory Tucholskie"
81%
PN "Gór Stołowych"
80%
Świętokrzyski PN
79%
Wigierski PN
78%
Pieniński PN
77%
Wielkopolski PN
77%
Roztoczański PN
76%
Magurski PN
75%
Narwiański PN
75%
Gorczański PN
73%
PN "Ujście Warty"
71%
Poleski PN
68%
Drawieński PN
66%
Nie znaleziono quizów pasujących do podanych kryteriów
Rozkład punktacji
Procent ludzi z każdym wynikiem
Percentyl według liczby udzielonych odpowiedzi
Twoja historia wyników
Nie rozwiązałeś tego quizu